Statistiques concernant Îles dans les jeux Pokémon (1G - 6G)

Cliquez ici pour prendre le quiz!

Statistiques générales

  • Ce quiz a été pris 43 fois
  • Le résultat moyen est 20 sur 68

Statistiques - réponses

GénérationNom% Correct
1Cramois'île
79%
3Atalanopolis
68%
3Algatia
65%
3Île Mirage
65%
3Myokara
62%
1Îles Écume
59%
4Île Pleine-Lune
56%
4Île de Fer
56%
2Tourb'îles
56%
3 (Îles Sevii)Île 7
56%
3 (Îles Sevii)Île 6
56%
3 (Îles Sevii)Île 5
56%
3 (Îles Sevii)Île 4
56%
3 (Îles Sevii)Île 3
56%
3 (Îles Sevii)Île 2
56%
3 (Îles Sevii)Île 1
56%
4Île Nouvellelune
53%
3Éternara
53%
2Irisia
47%
3 (Émeraude)Zone de Combat
41%
3Île du Sud
38%
3 (Îles Sevii)Île Aurore
35%
4Ligue Pokémon
32%
3Pilier Céleste
32%
3 (Îles Sevii)Roc Nombri
32%
6 (Hoenn)Atoll de Combat
29%
6 (Hoenn)Forêt Mirage
26%
6 (Hoenn)Grotte Mirage
26%
5Île Liberté
26%
3 (Émeraude)Île Lointaine
24%
4Paradis Fleuri
24%
6 (Hoenn)Champ Fleuri Secret
24%
6 (Hoenn)Plage Secrète
24%
3Mont Mémoria
24%
6 (Hoenn)Mont Mirage
21%
3Hoenn
21%
6Antre Néréen
21%
6 (Hoenn)Îlot Secret
21%
3 (Îles Sevii)Forbuissons
21%
3 (Îles Sevii)Île du Lointain
18%
3Grotte Tréfonds
18%
6 (Hoenn)Grotte Évanescente
18%
6 (Hoenn)Grotte Oubliée
18%
3 (Îles Sevii)Bois Baies
18%
3 (Îles Sevii)Mont Braise
15%
6 (Hoenn)Plaine Sans Nom
15%
4Caverne Savoir
15%
3Tour de Combat
15%
4Caverne Courage
15%
3 (Îles Sevii)Grotte Perdue
15%
3 (Îles Sevii)Ruines Tanoby
15%
3Grotte Island
12%
6 (Hoenn)Île de l'Arc
12%
3 (Îles Sevii)Canyon Sésor
12%
3 (Îles Sevii)Mémorial
12%
4Caverne Vérité
12%
3 (Îles Sevii)Tour Dresseurs
12%
5Tour Union
12%
5Route 18
12%
5Labo P2
12%
6Chambre Néant
9%
3 (Îles Sevii)Plage Trésor
9%
5 (Blanc 2)Pokémon World Tournament
9%
3 (Îles Sevii)Camp de Vacances
9%
4Secteur Combat
9%
5Hangar Frigorifique
6%
3Grotte Zénith
6%
6Tour Maîtrise
6%

Distribution des résultats

Percentile par nombre de réponses

% des personnes avec chaque résultat

Votre développement - résultats

Vous n’avez pas pris ce quiz